Борынгы татар эдэби мирасы. Мэула Колый хикмэтлэре (Запись № 9570580)

Подробности
000 -МАРКЕР
контрольное поле 01687nam0a2200325 4500
001 - ИДЕНТИФИКАТОР ЗАПИСИ
контрольное поле RU\NLR\ONL2\1663
005 - ИДЕНТИФИКАТОР ВЕРСИИ
контрольное поле 20250613124326.0
035 ## - ДРУГИЕ СИСТЕМНЫЕ НОМЕРА
Идентификатор записи (NLR Aleph) 009649267
100 ## - ДАННЫЕ ОБЩЕЙ ОБРАБОТКИ
Данные общей обработки 20031112d2002 |||y0rusy50 ca
101 0# - ЯЗЫК РЕСУРСА
Язык текста, звукозаписи и т.д. татарский
102 ## - СТРАНА ПУБЛИКАЦИИ ИЛИ ПРОИЗВОДСТВА
Страна публикации Российская Федерация
105 ## - ПОЛЕ КОДИРОВАННЫХ ДАННЫХ: ТЕКСТОВЫЕ МАТЕРИАЛЫ, МОНОГРАФИЧЕСКИЕ
Кодированные данные о монографическом текстовом документе y |||||||||
200 1# - ЗАГЛАВИЕ И СВЕДЕНИЯ ОБ ОТВЕТСТВЕННОСТИ
Основное заглавие Борынгы татар эдэби мирасы. Мэула Колый хикмэтлэре
Сведения, относящиеся к заглавию "021700 - Филология" белгечлеге буенча студентлар очон уку-метод. кулланма
Первые сведения об ответственности К.С.Дэулэтшин
Последующие сведения об ответственности РФ Мэгариф м-лыгы. Стэрлетамак дэулэт педагогия ин-ты
210 ## - ПУБЛИКАЦИЯ, РАСПРОСТРАНЕНИЕ И ДР.
Место издания, распространения и т.д. Стэрлетамак
Имя издателя, распространителя и т. д. СДПИ
Дата издания, распространения и т.д. 2002
215 ## - ФИЗИЧЕСКАЯ ХАРАКТЕРИСТИКА
Специфическое обозначение материала и объем 190 б.
Размеры 20
320 ## - ПРИМЕЧАНИЯ О НАЛИЧИИ В ДОКУМЕНТЕ БИБЛИОГРАФИИ / УКАЗАТЕЛЯ
Текст примечания Библиогр.: с.9-10 (13 назв.)
541 1# - ПЕРЕВОД ЗАГЛАВИЯ, СДЕЛАННЫЙ КАТАЛОГИЗАТОРОМ
Связь между полями z01790
Заглавие Художественное наследие древнетатарской литературы. Хикметы Мавля Кулый
Сведения, относящиеся к заглавию Учеб.-метод. материалы для студентов по специальности "021700 -Филология"
Язык заглавия русский
600 01 - ИМЯ ЛИЦА КАК ПРЕДМЕТ
Начальный элемент ввода Мэула Колый
Даты 2-ая половина XVII в.
Код системы psbo
606 0# - НАИМЕНОВАНИЕ ТЕМЫ КАК ПРЕДМЕТ
Наименование темы Татарская литература
Системный номер авторитетной/нормативной записи 1252392
Идентификатор авторитетной/нормативной записи RU\NLR\auth\66512884
686 1# - ИНДЕКСЫ ДРУГИХ КЛАССИФИКАЦИЙ
Индекс Ш5(2=Тат)44-4Мавля Колый4
700 #1 - ИМЯ ЛИЦА - ПЕРВИЧНАЯ ОТВЕТСТВЕННОСТЬ
Начальный элемент ввода Дэулэтшин
Часть имени, кроме начального элемента ввода К. С.
Расширение инициалов личного имени Камил Салих улы
Код отношения Автор
790 #1 - ИМЯ ЛИЦА - АЛЬТЕРНАТИВНАЯ ФОРМА
Связь между полями z01541
Начальный элемент ввода Давлетшин
Часть имени, кроме начального элемента ввода К. С.
Расширение инициалов личного имени Камиль Салихович
Код отношения Автор
801 #0 - ИСТОЧНИК ЗАПИСИ
Страна Российская Федерация
Организация NLR
Дата составления 20031112
Правила каталогизации PSBO
852 ## - МЕСТОНАХОЖДЕНИЕ И ШИФР ХРАНЕНИЯ
Идентификатор организации NLR
Наименование фонда или коллекции (Sub-Location Identifier) ОНЛ
Шифр хранения (Call Number) Татар./2-11841
942 ## - ДОПОЛНИТЕЛЬНЫЕ ЭЛЕМЕНТЫ ЗАПИСИ (АБИС)
Тип экземпляра АБИС Книга
980 ## - КОЛЛЕКЦИЯ
Название коллекции Национальная библиография
980 ## - КОЛЛЕКЦИЯ
Название коллекции Каталог книг на языках народов РФ и стран СНГ
Экземпляры
Тип экземпляра Дата поступления Библиотека постоянного хранения Библиотека текущего хранения Место хранения Шифр хранения Штрих-код Статус экземпляра
Книга 26.10.2013 РНБ (Московский) РНБ (Московский) Фонд национальных литератур Татар./2-11841 9649267-10